000 00967nam a2200241Ia 4500
005 20251020182516.0
008 200515s9999 xx 000 0 und d
020 _a84-7146-117-X
082 _a658:69/S21
100 _aSánchez, Manuel
245 0 _aOrganización y métodos funcionales de la moderna empresa constructora
260 _aBarcelona
260 _bEditores Técnicos Asociados
260 _c1973
300 _bil.; tbls.
500 _a la licitación y contratación de obras, la concurrencia, estudio económico de los proyectos, adjudicación de las obras entre otros temas. Todo orientado a una aplicación efectiva y sistemática, dentro del mecanismo funcional de las empresas
520 _aTrata temas variados como: el estudio de la estructuración y el funcionamiento general de las empresas
650 _aADMINISTRACION DE EMPRESAS
650 _aEMPRESAS CONSTRUCTORAS
650 _aORGANIZACION
942 _cLIB
999 _c1595
_d1595